000 00600nam a2200181Ia 4500
008 090201s9999 xx 000 0 und d
010 _aKPL-67662
040 _bमराठी
041 _aमराठी
082 _a45218
_b67662
100 _aयशोधरा भोसले
245 _aअपूर्व अलौकिक एकमेव
_cयशोधरा भोसले
250 _a1
260 _c2005
_bनवचेतन्य प्रकाशन
300 _a198
_bमोठा
600 _aअपूर्व अलौकिक एकमेव
942 _cBOOK
999 _c242146
_d242146